=LDR 00000nam 2200000 4500 =001 INLIS000000000034495 =005 20130612140412 =008 ***********************************ind** =035 ##$$0010-061300000034495 =041 ##$$a ind =082 ##$$a 530.4 =090 ##$$a 530.4, Puj m =100 ##$$a Pujiastuti, Martina =245 ##$$a Mengenal benda disekitar kita/ Martina Pujiastuti; Editor, S. Karim A. Karhani =260 ##$$a 2007 $b Jakarta =300 ##$$a 95 hlm., Ilus., 25 cm =650 ##$$a Benda ( Pendidikan Dasar ) =700 ##$$a Karhani, S. Karim A =850 ##$$a NBPNMAT =990 ##$$a 21400613/BPAP-NTB/20142014 =990 ##$$a 0001/BPAP-NTB/20142015